| 000 | 01271nam a22003498a 4500 | ||
|---|---|---|---|
| 001 | 015965134 | ||
| 003 | EG-ScBUE | ||
| 005 | 20220323094429.0 | ||
| 008 | 111101s2011 ilu f b 000 p eng d | ||
| 020 | _a0226470490 | ||
| 020 | _a9780226470498 | ||
| 040 |
_aEG-ScBUE _beng _erda _cEG-ScBUE _dEG-ScBUE |
||
| 041 | 1 |
_aeng _hgrc |
|
| 082 | 0 | 4 |
_a883.01 _222 _bHOM |
| 100 | 0 |
_aHomer, _eauthor. _930704 |
|
| 245 | 1 | 4 |
_aThe lliad of Homer / _ctranslated by Richmond Lattimore ; introduction and notes by Richard Martin. |
| 264 | 1 |
_aChicago ; _aLondon : _bThe University of Chicago Press, _c2011. |
|
| 300 |
_a599 pages ; _c24 cm |
||
| 336 |
_2rdacontent _atext _btxt |
||
| 337 |
_2rdamedia _aunmediated _bn |
||
| 338 |
_2rdacarrier _avolume _bnc |
||
| 504 | _aIncludes bibliographical references. | ||
| 546 | _aText in English ; translated from the original Ancient Greek. | ||
| 650 | 7 |
_aAchilles (Greek mythology) _vPoetry. _930705 _2BUEsh |
|
| 650 | 7 |
_aEpic poetry, Greek _vTranslations into English. _930706 _2BUEsh |
|
| 651 | _2BUEsh | ||
| 653 |
_cJuly2012 _bGGEN |
||
| 655 |
_vReading book _934232 |
||
| 700 | 1 |
_aLattimore, Richmond Alexander, _d1906-1984, _etranslator. _930707 |
|
| 700 | 1 |
_aMartin, Richard P., _eauthor of introduction, etc. _930708 |
|
| 942 |
_2ddc _cBB |
||
| 999 |
_c16900 _d16900 |
||